Грозовий ранок (Запис № 17278)

000 -Маркер запису
Контрольне поле сталої довжини 01476nam a22002537a 4500
003 - Належність контрольного номера
Контрольне поле Uzh_bibl
008 - Кодовані дані
Контрольне поле сталої довжини 260408b |||||||| |||| 00| 0 ukr d
020 ## - Індекс ISBN
Ціна 2.20
040 ## - Джерело каталогіз.
Служба первин.кат. укр.
041 ## - Код мови видання
Код мови оригіналу українська
Код мови тексту українська
080 ## - Індекс УДК
Індекс УДК 821(477)
090 ## - Шифри
Поличний індекс 821(477)
Авторський знак П 32
100 ## - Автор
Автор Пільгук, Іван
245 ## - Назва
Назва Грозовий ранок
Відповідальність Передм. М. Грицая, Післям. Є. Гуцала
Фізичний носій Текст
260 ## - Вихідні дані
Місце видання Київ
Видавництво Дніпро
Дата видання 1979
300 ## - Фізичний опис
Обсяг 560 с.
Тип одиниці В опр.
520 ## - Анотація
Анотація До книги увійшли повісті про життя і діяльність класиків української літератури: автора `Енеїди` Івана Котляревського (Грозовий ранок), творця популярних пісень та гуморесок Степана Руданського (Повій, вітре!), видатного прозаїка Панаса Мирного (Дуби шумлять).
521 ## - Примітка про цільове призначення
Примітка про цільове призначення Для широкого кола читачів
546 ## - Примітка про мову
Примітка про мову укр.
650 ## - Тематичні рубрики
Основна рубрика Літературно-художнє видання
Хронологічна підрубрика Період Друга світова війна
Географічна підрубрика Україна, сільська місцевість і фронтові території
653 ## - Ключові слова
Ключові слова Війна
-- Мужність
-- Боротьба
-- Подвиг
-- Доля
655 ## - Термін індексування — жанр/форма
Жанр/форма Повість (воєнна проза)
Типове ділення Повісті
942 ## - ADDED ENTRY ELEMENTS (KOHA)
Джерело класифікації чи схема поличного розташування
Koha item type Книги
Фонди
Статус вилучення Статус втрати/відсутності Джерело класифікації чи схема поличного розташування Статус пошкодження Тип обігу (не для випозичання) Постійне розташування Поточне розташування Розташування у відділі Дата надходження Інвентарний номер Total Checkouts Повний (примірниковий) шифр зберігання Штрих-код Date last seen Дата, для якої чинна ціна заміни Тип одиниці (рівень примірника)
          Публічна бібліотека Публічна бібліотека Абонемент 08/04/2026 3658   821(477) 20132 08/04/2026 08/04/2026 Книги

Працює на АБІС Коха